Johnny's Geography #1 - Statistics

General Stats
  • This quiz has been taken 983 times
  • The average score is 14 of 20
Answer Stats
Hint Answer % Correct
What is the capital of Canada? Ottawa
97%
Yoshinoya and Matsuya are chain restaurants from which country? Japan
93%
Iguazu Falls is located between Brazil and which other country? Argentina
88%
Bollywood is located in which city? Mumbai
85%
Sikkim, Tamil Nadu, and Gujarat are regions in which country? India
84%
Napa Valley is located in which US state? California
83%
Casablanca is located in which country? Morocco
83%
Which country is completely surrounded by South Africa? Lesotho
82%
Phuket is a popular beach destination in which country? Thailand
82%
What country is located directly south of Nicaragua? Costa Rica
80%
If I'm eating lunch in Tallinn, which country am I in? Estonia
79%
Jim Carrey and Pamela Anderson were both born in which country? Canada
78%
In which country might you be in trouble for chewing gum or bring a Durian fruit into the metro? Singapore
73%
Split, Dubrovnik, and are cities in which country? Croatia
69%
The Caipirinha is the national cocktail of which country? Brazil
63%
Fill in the blank: Thrilla in _______ Manila
61%
Concepcion, Iquique, and Antofagasta are all cities located in which country? Chile
49%
What is the capital of Laos? Vientiane
47%
Which country is the most linguistically diverse? (speaks the most languages) Papua New Guinea
37%
A Carioca is a person from which Latin American city? Rio de Janeiro
25%
No matching quizzes found
Score Distribution
Percent of People with Each Score
Percentile by Number Answered
Your Score History
You have not taken this quiz